00245pam a2200109 a 4500020000500000041000500005082001700010100001700027245005200044260003100096300000800127 c h a381.142bBUF aBuffam, W, J aE-Business And Its SolutionshTextual Documents aNew YorkbAddison - Wesley a255